00879nam a22002657a 450000100060000000300060000600500170001200800410002902000150007004000290008505000170011408200110013110000230014224500730016525000470023826000390028530000610032450500080038552001020039352100200049552100210051565000230053665000210055970000330058010013FISKH20260327115321.0260327b cb ||||| |||| 00| 0 eng d a0590416685 aFISKHbengcFISKHdFISKH aPZ7 .Z487 .N a813.54 aZiefert , Harriet  aA new coat for Anna /cby Harriet Ziefert : pictures by Anita Lobel  aFirst Scholastic printing , September 1988 aNew York : bScholastic ,c1986 .  a32 unnumbered pages : bcolor illustrations ; c23 cm .  aN  aEven though there is no money, Anna's mother finds a way to make Anna a badly needed winter coat.8 a580 bLexile 8 aN bRaz-Plus  aClothing vFiction aPovertyvFiction aLobel , Anita eIllustrator